Teatro mexicano decimonónico.

Guardado en:
Detalles Bibliográficos
Autor principal: Contreras Soto, Eduardo comp, (autor)
Formato: Libro
Idioma:Español
Colección:(Los imprescindibles)
Temas:
Etiquetas: Agrega una etiqueta
Sin etiquetas, Sé el primero en etiquetar este registro!

MARC

LEADER 00000nam^a2200000^u^4500
001 000522273
005 20250521000000.0
008 120628s1000^^^^^^^^^^^^r^^^^^000^0^spa^d
009 20260310130540.796
022 |a 9687711728 
035 |a FCE 000066514 
037 |a Acervo ITESO - Biblioteca 
041 |a spa 
082 0 4 |a 868.9921  |b CONt 
100 |a Contreras Soto, Eduardo  |e comp  |e (autor) 
245 1 0 |a Teatro mexicano decimonónico. 
264 |a México:  |b Cal y Arena,  |c 2006. 
300 |a 833 p. 
336 |a texto  |b txt  |2 rdacontenido 
337 |a sin mediación  |b n  |2 rdamedio 
338 |a volumen  |b nc  |2 rdasoporte 
440 1 |a (Los imprescindibles) 
649 |a XX 
650 |a Antología 
650 |a Literatura dramática 
910 |a Fondo Centro de Estudios Educativos 
920 |a Impresos - Libros 
930 |a Fondos Especiales 
905 |a 133 
901 |a ALE072021  |b IT2  |c CEE  |u 20250521 
902 |a https://opac.biblio.iteso.mx/vufind/Record/000522273